Brunner y Suddarth Enfermería Medicoquirúrgica

Spremljeno u:
Bibliografski detalji
Glavni autori: Smeltzer O'Connell, Suzanne C (Autor), Bare, Brenda G (Autor)
Format: Knjiga
Jezik:španjolski
Izdano: Cuernavaca McGraw-Hill 2005
Izdanje:10a. ed
Teme:
Oznake: Dodaj oznaku
Bez oznaka, Budi prvi tko označuje ovaj zapis!

MARC

LEADER 00000cam a2200000 a 4500
001 UCD5539
003 CL-VaPUC
008 160915e20050000mx |||||||||||||||||spa|d
020 |a 9789701051061 
082 0 4 |a 610.73  |b SME  |2 21 
100 0 |a Smeltzer O'Connell, Suzanne C  |e author  |9 589318 
700 0 |a Bare, Brenda G  |e author  |9 589319 
245 1 0 |a Brunner y Suddarth Enfermería Medicoquirúrgica 
250 |a 10a. ed 
300 |a v 
942 |c BK 
945 |d 20160915 16:42:00  |a dcastane 
260 |a Cuernavaca  |b McGraw-Hill  |c 2005 
650 7 |a ENFERMERIA  |2 CL-VaPUC  |9 358289 
650 7 |a CIRUGIA  |2 CL-VaPUC  |9 352181 
583 |a last modification  |c 20160915 16:42:00  |k Rodrigo Vera 
999 |c 366193  |d 366191